00496 a2200145 4500003000500000005001700005040000900022082001800031100001800049245010100067260003400168300001000202505012500212650001300337Nust20230404111945.0 cNust a910.95491,STE aStephens, Ian aHorned Moon :ban account of a journey through Pakistan, Kashmir and Afghanistan /cIan Stephens aLondonbChatto & Windus61953 a288:p aPart 1: Preliminary (Page-17), Part 2: Sindi, Punjabi (Page-47), Part 3: Kashmiri (Page-105), Part 4: Pathan (Page-225). aPakistan